[Event "TCh-TUR Super League 2015"]
[Site "Kocaeli TUR"]
[Date "2015.08.04"]
[Round "1.7"]
[Board "3"]
[White "Ersahin, Bulent"]
[Black "Ali Marandi, Cemil Can"]
[Result "1-0"]
[BlackTitle "IM"]
[WhiteElo "2171"]
[BlackElo "2414"]
[WhiteTeam "Kocaeli Buyuksehir Belediyesi Kagit Sports Club"]
[BlackTeam "Hatay Buyuksehir Belediyesi Genclik Sports Club"]
[WhiteFideId "6302670"]
[BlackFideId "6300529"]
[EventDate "2015.08.04"]

1. Nf3 d5 2. g3 Nf6 3. Bg2 c6 4. O-O Bg4 5. d3 Nbd7 6. Nbd2 e6 7. h3 Bxf3 8.
Bxf3 Bc5 9. c4 Qc7 10. Kh2 h5 11. Nb3 Bd6 12. Kg2 O-O-O 13. cxd5 exd5 14. Be3 h4
15. g4 Bf4 16. Qd2 Bxe3 17. Qxe3 Kb8 18. Rac1 Rhe8 19. Qd2 Ne5 20. Qf4 Nh7 21.
Nd4 Nf8 22. Rc2 Nfg6 23. Qh2 Ka8 24. Nf5 Qa5 25. Nxg7 Rg8 26. Nf5 Qxa2 27. Rfc1
Qa5 28. d4 Nxf3 29. exf3 Rge8 30. b4 Qb6 31. b5 Qxb5 32. Nd6 Qb6 33. Nxe8 Rxe8
34. Qd6 Re6 35. Qd7 a6 36. Qxf7 Qxd4 37. Rb1 b5 38. Ra2 Qb6 39. Rba1 c5 40.
Rxa6+ Qxa6 41. Rxa6+ Rxa6 42. Qxd5+ Ka7 43. Qxc5+ Rb6 44. Qb4 Ka6 45. f4 Rc6 46.
f5 Ne5 47. Qa3+ 1-0

[Event "TCh-TUR Super League 2015"]
[Site "Kocaeli TUR"]
[Date "2015.08.04"]
[Round "1.7"]
[Board "4"]
[White "Gulbas, Cemil"]
[Black "Kucumenler, Tarkan"]
[Result "1-0"]
[WhiteTitle "IM"]
[WhiteElo "2377"]
[BlackElo "2050"]
[WhiteTeam "Hatay Buyuksehir Belediyesi Genclik Sports Club"]
[BlackTeam "Kocaeli Buyuksehir Belediyesi Kagit Sports Club"]
[WhiteFideId "201820"]
[BlackFideId "6301010"]
[EventDate "2015.08.04"]

1. e4 c5 2. Nf3 d6 3. d4 cxd4 4. Nxd4 Nf6 5. Nc3 a6 6. Be2 e5 7. Nb3 Be7 8. O-O
O-O 9. Be3 Be6 10. Nd5 Nxd5 11. exd5 Bf5 12. Qd2 Nd7 13. Na5 Qc7 14. c4 Nc5 15.
f3 Bd7 16. b4 Na4 17. Rfd1 b6 18. Nb3 Bf6 19. Rac1 a5 20. c5 bxc5 21. bxc5 Nxc5
22. Nxc5 dxc5 23. d6 Qb7 24. Rxc5 Ba4 25. Rdc1 Qb4 26. Qd3 Bd7 27. a3 Qh4 28.
Qd2 a4 29. R1c4 Qh5 30. g4 Qh3 31. Bf1 Qxf3 32. Bg2 1-0

[Event "TCh-TUR Super League 2015"]
[Site "Kocaeli TUR"]
[Date "2015.08.04"]
[Round "1.7"]
[Board "5"]
[White "Nikolova, Adriana"]
[Black "Altinoz, Fevziye Ece"]
[Result "1-0"]
[WhiteTitle "WGM"]
[WhiteElo "2304"]
[BlackElo "1543"]
[WhiteTeam "Kocaeli Buyuksehir Belediyesi Kagit Sports Club"]
[BlackTeam "Hatay Buyuksehir Belediyesi Genclik Sports Club"]
[WhiteFideId "2908689"]
[BlackFideId "6358942"]
[EventDate "2015.08.04"]

1. e4 c5 2. c3 d5 3. exd5 Qxd5 4. d4 Nf6 5. Nf3 e6 6. Bd3 Be7 7. O-O O-O 8. Be3
cxd4 9. cxd4 Nc6 10. Nc3 Qd8 11. a3 b6 12. Rc1 Bb7 13. b4 Rc8 14. Bb1 Nb8 15.
Qd3 Nbd7 16. Ng5 g6 17. Ba2 Ng4 18. Nxe6 fxe6 19. Bxe6+ Kg7 20. Bxg4 Ne5 21. Qe2
Nxg4 22. Qxg4 Rf5 23. d5 Bf6 24. Bd4 Rg5 25. Qxg5 Bxd4 26. Qxd8 Rxd8 27. Nb5 Be5
28. Rfe1 Kf6 29. Nc3 Bxd5 30. Red1 1-0

[Event "TCh-TUR Super League 2015"]
[Site "Kocaeli TUR"]
[Date "2015.08.04"]
[Round "1.7"]
[Board "6"]
[White "Buyukasik, Diyap"]
[Black "Gundogan, Cem"]
[Result "1-0"]
[WhiteElo "2074"]
[BlackElo "2060"]
[WhiteTeam "Hatay Buyuksehir Belediyesi Genclik Sports Club"]
[BlackTeam "Kocaeli Buyuksehir Belediyesi Kagit Sports Club"]
[WhiteFideId "6319602"]
[BlackFideId "6311032"]
[EventDate "2015.08.04"]

1. d4 c5 2. e3 Nf6 3. Nf3 d5 4. c4 cxd4 5. exd4 e6 6. Nc3 Be7 7. Be2 O-O 8. O-O
dxc4 9. Bxc4 a6 10. a4 Nc6 11. h3 Qb6 12. Rb1 Rd8 13. Be3 Nd5 14. Qe2 Qb4 15.
Bd2 Qb6 16. Be3 Qb4 17. Bd2 Nb6 18. b3 Nxc4 19. bxc4 Qd6 20. d5 exd5 21. cxd5
Na7 22. Rfd1 b5 23. Ne4 Qb6 24. d6 Bf8 25. Bg5 Rd7 26. Ne5 Nc6 27. Nxd7 Bxd7 28.
Be3 Qd8 29. axb5 axb5 30. Qxb5 Nd4 31. Qh5 Nf5 32. Ng5 Nh6 33. Qf3 Bf5 34. Nxf7
Kxf7 35. Bxh6 Kg6 36. Rb5 Qd7 37. Rxf5 Qxf5 38. Qxa8 Kxh6 39. Qf3 Qc8 40. d7 Qd8
41. Qxf8 Qxf8 42. d8=Q Qxd8 43. Rxd8 1-0

[Event "TCh-TUR Super League 2015"]
[Site "Kocaeli TUR"]
[Date "2015.08.04"]
[Round "1.7"]
[Board "7"]
[White "Kilic, Efe Mert"]
[Black "Temizkan, Denizcan"]
[Result "1/2-1/2"]
[BlackTitle "FM"]
[WhiteElo "1816"]
[BlackElo "1906"]
[WhiteTeam "Kocaeli Buyuksehir Belediyesi Kagit Sports Club"]
[BlackTeam "Hatay Buyuksehir Belediyesi Genclik Sports Club"]
[WhiteFideId "6354327"]
[BlackFideId "6325157"]
[EventDate "2015.08.04"]

1. e4 e5 2. Nf3 Nc6 3. Bb5 a6 4. Ba4 Nf6 5. O-O Be7 6. Re1 b5 7. Bb3 d6 8. c3
O-O 9. h3 Re8 10. d4 Bb7 11. Nbd2 Bf8 12. Bc2 h6 13. a4 exd4 14. cxd4 Nb4 15.
Bb1 c5 16. b3 Rc8 17. axb5 axb5 18. Bb2 c4 19. bxc4 bxc4 20. Ra3 d5 21. e5 Ne4
22. Nxe4 dxe4 23. Bxe4 Bxe4 24. Rxe4 Nd3 25. Rxd3 cxd3 26. Qxd3 Qd5 27. Re3 Rb8
28. Ba3 Bxa3 29. Qxa3 Rb1+ 30. Kh2 Ra8 31. Qd3 Rb2 32. Re2 Raa2 33. Rxb2 Rxb2
34. Qe3 Qa2 35. Qc3 Rc2 36. Qe3 Rxf2 37. Nh4 Qd2 38. Qxd2 Rxd2 39. Nf3 Rd1 40.
Kg3 Kf8 41. Kf4 Ke7 42. Kf5 Ra1 43. g4 Ra2 44. Ke4 1/2-1/2

[Event "TCh-TUR Super League 2015"]
[Site "Kocaeli TUR"]
[Date "2015.08.04"]
[Round "1.7"]
[Board "8"]
[White "Micoogullari, Lara"]
[Black "Gundogan, Sinem Cagla"]
[Result "0-1"]
[WhiteElo "1668"]
[BlackElo "1913"]
[WhiteTeam "Hatay Buyuksehir Belediyesi Genclik Sports Club"]
[BlackTeam "Kocaeli Buyuksehir Belediyesi Kagit Sports Club"]
[WhiteFideId "6344968"]
[BlackFideId "6325378"]
[EventDate "2015.08.04"]

1. Nf3 d5 2. g3 Nf6 3. Bg2 c6 4. O-O Bg4 5. d4 Nbd7 6. b3 Bxf3 7. Bxf3 e5 8.
dxe5 Nxe5 9. Re1 Bb4 10. c3 Bd6 11. Bg2 Qc7 12. Ba3 O-O-O 13. Bxd6 Qxd6 14. Qc2
Kb8 15. Nd2 h5 16. e4 h4 17. gxh4 Rxh4 18. exd5 Nxd5 19. Rxe5 Qxe5 20. Nf3 Qe4
21. Qxe4 Rxe4 22. Rd1 Rde8 23. c4 Nc3 24. Rd2 Re2 25. a4 Rxd2 26. Nxd2 Re2 27.
Nf3 Rb2 28. Ne5 Ne2+ 29. Kf1 Nf4 30. Nxf7 Rb1# 0-1

[Event "TCh-TUR Super League 2015"]
[Site "Kocaeli TUR"]
[Date "2015.08.05"]
[Round "2.1"]
[Board "2"]
[White "Ari, Zeki"]
[Black "Esen, Baris"]
[Result "0-1"]
[WhiteTitle "FM"]
[BlackTitle "GM"]
[WhiteElo "2192"]
[BlackElo "2567"]
[WhiteTeam "Kocaeli Buyuksehir Belediyesi Kagit Sports Club"]
[BlackTeam "Deniz Su Aquamatch Satranc Genclik Ve Sports Club"]
[WhiteFideId "6300421"]
[BlackFideId "6302114"]
[EventDate "2015.08.04"]

1. d4 Nf6 2. c4 e6 3. Nf3 b6 4. g3 Ba6 5. b3 Bb4+ 6. Bd2 Be7 7. Bg2 c6 8. O-O d5
9. Ne5 Nfd7 10. Nxd7 Nxd7 11. Bc3 O-O 12. Nd2 f5 13. a4 g5 14. b4 Nf6 15. b5 Bb7
16. Qb3 g4 17. a5 cxb5 18. Qxb5 Qd7 19. Qxd7 Nxd7 20. Rfb1 Rfc8 21. e3 Kf7 22.
Bb4 Bc6 23. Bf1 Rc7 24. Bxe7 Kxe7 25. Rc1 Rac8 26. axb6 axb6 27. Rab1 dxc4 28.
Rxc4 Bd5 29. Rxc7 Rxc7 30. Bb5 Rc2 31. Nf1 Nf6 32. Ba4 Ra2 33. Bb3 Bxb3 34. Rxb3
Ne4 35. Rxb6 Nxf2 36. Rb7+ Kd6 37. Rb5 Nh3+ 38. Kh1 Ng5 39. Kg1 Nf3+ 40. Kh1 Rf2
41. Rb1 Kd5 42. Ra1 Ke4 43. Rd1 h6 44. Ra1 Kd3 0-1

[Event "TCh-TUR Super League 2015"]
[Site "Kocaeli TUR"]
[Date "2015.08.05"]
[Round "2.1"]
[Board "3"]
[White "Erdogdu, Mert"]
[Black "Ersahin, Bulent"]
[Result "1-0"]
[WhiteTitle "IM"]
[WhiteElo "2419"]
[BlackElo "2171"]
[WhiteTeam "Deniz Su Aquamatch Satranc Genclik Ve Sports Club"]
[BlackTeam "Kocaeli Buyuksehir Belediyesi Kagit Sports Club"]
[WhiteFideId "6301495"]
[BlackFideId "6302670"]
[EventDate "2015.08.04"]

1. e4 c5 2. Nf3 Nc6 3. d4 cxd4 4. Nxd4 Nf6 5. Nc3 e6 6. Ndb5 d6 7. Bf4 e5 8. Bg5
a6 9. Na3 b5 10. Nd5 Be7 11. Bxf6 Bxf6 12. c4 b4 13. Nc2 Rb8 14. b3 O-O 15. g3
Bg5 16. h4 Bh6 17. Bh3 Be6 18. Kf1 Qa5 19. a3 bxa3 20. Rxa3 Qc5 21. Rxa6 Bxd5
22. Qxd5 Nb4 23. Nxb4 Qxb4 24. Rxd6 Qxb3 25. Kg2 Qc2 26. Rd7 Be3 27. Rf1 Bd4 28.
h5 h6 29. Bf5 Qe2 30. Bg6 Kh8 31. Rxf7 Rbd8 32. Qe6 Rde8 33. Qd7 Rd8 34. Qe6
Rde8 35. Qf5 Bc5 36. Rb1 Rxf7 37. Bxf7 Rf8 38. Rb7 Bd4 39. Rc7 Qc2 40. Rc8 1-0

[Event "TCh-TUR Super League 2015"]
[Site "Kocaeli TUR"]
[Date "2015.08.05"]
[Round "2.1"]
[Board "4"]
[White "Kucumenler, Tarkan"]
[Black "Secer, Ata"]
[Result "0-1"]
[BlackTitle "FM"]
[WhiteElo "2050"]
[BlackElo "2304"]
[WhiteTeam "Kocaeli Buyuksehir Belediyesi Kagit Sports Club"]
[BlackTeam "Deniz Su Aquamatch Satranc Genclik Ve Sports Club"]
[WhiteFideId "6301010"]
[BlackFideId "6303293"]
[EventDate "2015.08.04"]

1. d4 d5 2. c4 c6 3. cxd5 cxd5 4. Nf3 Nf6 5. Nc3 Nc6 6. Bf4 Ne4 7. e3 Nxc3 8.
bxc3 e6 9. Bd3 Bd6 10. Bxd6 Qxd6 11. O-O O-O 12. c4 dxc4 13. Bxc4 b6 14. Qe2 Bb7
15. Ba6 Bxa6 16. Qxa6 Nb4 17. Qa4 Rfc8 18. Rfc1 a5 19. Ne5 f6 20. Nc4 Qc6 21.
Qd1 Nxa2 22. Rxa2 b5 23. Rac2 bxc4 24. Qe2 c3 25. Qe1 Rab8 26. h3 Rb3 27. Ra2 a4
28. Qd1 Qc4 29. Qc2 Rb2 0-1

[Event "TCh-TUR Super League 2015"]
[Site "Kocaeli TUR"]
[Date "2015.08.05"]
[Round "2.1"]
[Board "5"]
[White "Patel, Yesim"]
[Black "Nikolova, Adriana"]
[Result "0-1"]
[WhiteTitle "WCM"]
[BlackTitle "WGM"]
[WhiteElo "1941"]
[BlackElo "2304"]
[WhiteTeam "Deniz Su Aquamatch Satranc Genclik Ve Sports Club"]
[BlackTeam "Kocaeli Buyuksehir Belediyesi Kagit Sports Club"]
[WhiteFideId "6300200"]
[BlackFideId "2908689"]
[EventDate "2015.08.04"]

1. e4 c5 2. Nf3 Nc6 3. d4 cxd4 4. Nxd4 Nf6 5. Nc3 d6 6. Bg5 e6 7. Qd2 a6 8.
O-O-O h6 9. Bh4 Nxe4 10. Nxe4 Qxh4 11. Nxc6 Qxe4 12. Na5 Be7 13. Nc4 O-O 14. Kb1
Qc6 15. f4 b5 16. Ne3 Bb7 17. Be2 Qc5 18. Bf3 d5 19. Ng4 Rac8 20. Ne5 Rc7 21. h4
b4 22. g4 Rfc8 23. Rc1 Bd6 24. g5 Bxe5 25. fxe5 h5 26. Bxh5 d4 27. Rhe1 g6 28.
Bg4 Bd5 29. h5 Qc4 30. b3 Qc3 31. Qxc3 Rxc3 32. hxg6 fxg6 33. Be2 Rg3 34. Rg1
Rxg1 35. Rxg1 Be4 36. Bc4 Rc5 37. Re1 Bf5 38. Kb2 a5 39. a3 bxa3+ 40. Kxa3 Bxc2
41. Rc1 Rxc4 42. bxc4 d3 43. Kb2 d2 44. Kxc2 dxc1=Q+ 45. Kxc1 Kf7 46. Kb2 Ke7
47. Ka3 Kd7 48. Ka4 Kc6 49. Kxa5 Kc5 50. Ka6 Kxc4 51. Kb6 Kd5 52. Kc7 Kxe5 53.
Kd7 Kf5 54. Kd6 e5 55. Kd5 e4 0-1

[Event "TCh-TUR Super League 2015"]
[Site "Kocaeli TUR"]
[Date "2015.08.05"]
[Round "2.1"]
[Board "6"]
[White "Gundogan, Cem"]
[Black "Sanal, Vahap"]
[Result "0-1"]
[BlackTitle "IM"]
[WhiteElo "2060"]
[BlackElo "2510"]
[WhiteTeam "Kocaeli Buyuksehir Belediyesi Kagit Sports Club"]
[BlackTeam "Deniz Su Aquamatch Satranc Genclik Ve Sports Club"]
[WhiteFideId "6311032"]
[BlackFideId "6300545"]
[EventDate "2015.08.04"]

1. g3 e5 2. Bg2 d5 3. c4 d4 4. d3 Nf6 5. Nf3 Bd6 6. O-O O-O 7. a3 a5 8. e3 Nc6
9. exd4 exd4 10. Bg5 h6 11. Bxf6 Qxf6 12. Nfd2 Qg6 13. Ne4 Be7 14. f4 Re8 15.
Nbd2 a4 16. Nf3 Bd7 17. b4 axb3 18. Qxb3 f5 19. Ned2 Ra7 20. Rfe1 Bc5 21. Ne5
Nxe5 22. fxe5 c6 23. a4 Be6 24. a5 Rf8 25. a6 bxa6 26. Bxc6 a5 27. Rf1 Bb4 28.
Ra2 f4 29. Ne4 fxg3 30. Rxf8+ Bxf8 31. Nxg3 Qg5 32. Rf2 Bb4 33. Bd5 Bxd5 34.
cxd5 Qxe5 35. Re2 Qd6 36. Ne4 Qd7 37. Rg2 Kh7 38. d6 Qc8 39. Qd1 Rf7 40. h4 Qf8
41. Qh5 Rf1+ 42. Kh2 Bxd6+ 0-1

[Event "TCh-TUR Super League 2015"]
[Site "Kocaeli TUR"]
[Date "2015.08.05"]
[Round "2.1"]
[Board "7"]
[White "Tuncer, Tuna"]
[Black "Kilic, Efe Mert"]
[Result "1/2-1/2"]
[WhiteElo "2175"]
[BlackElo "1816"]
[WhiteTeam "Deniz Su Aquamatch Satranc Genclik Ve Sports Club"]
[BlackTeam "Kocaeli Buyuksehir Belediyesi Kagit Sports Club"]
[WhiteFideId "6349269"]
[BlackFideId "6354327"]
[EventDate "2015.08.04"]

1. e4 e6 2. d4 d5 3. Nd2 dxe4 4. Nxe4 Nd7 5. Nf3 Ngf6 6. Bd3 Be7 7. Qe2 b6 8.
Ne5 Nxe5 9. dxe5 Nd7 10. Qg4 Nxe5 11. Qxg7 Nxd3+ 12. cxd3 Rf8 13. O-O Bb7 14.
Bh6 f5 15. Nc3 Kd7 16. Qd4+ Kc8 17. Qc4 Rf6 18. Bf4 Rg6 19. f3 Bc5+ 20. Kh1 Bd6
21. Nb5 e5 22. Nxd6+ Qxd6 23. Rfe1 Bxf3 24. gxf3 exf4 25. Qa6+ Kd7 26. Qb5+ Kc8
27. Re8+ Kb7 28. Rxa8 Kxa8 29. Qxf5 Kb7 30. Re1 Rg7 31. Re6 Qd4 32. Qe4+ Qxe4
33. Rxe4 c5 34. d4 Rd7 35. dxc5 bxc5 36. Re2 Rg7 37. Rg2 Rd7 38. Rc2 Kb6 39. Kg2
Rd3 40. Rf2 Kc6 41. Kh3 Kd5 42. Kg4 Ke5 43. h4 c4 44. h5 c3 45. bxc3 Rxc3 46.
Re2+ Re3 47. Rb2 a6 48. Rc2 Ra3 49. Re2+ Re3 50. Rb2 Ra3 51. Rc2 h6 52. Rc5+ Kf6
53. Rc6+ Ke5 54. Rxh6 Rxa2 55. Rc6 Rg2+ 56. Kh4 Rh2+ 57. Kg5 Rg2+ 58. Kh6 Rg3
59. Rc3 Kf6 60. Rb3 a5 61. Ra3 a4 62. Rxa4 Rxf3 63. Kh7 Rh3 64. Rxf4+ Kg5 65.
Rd4 Rxh5+ 1/2-1/2

[Event "TCh-TUR Super League 2015"]
[Site "Kocaeli TUR"]
[Date "2015.08.05"]
[Round "2.1"]
[Board "8"]
[White "Gundogan, Sinem Cagla"]
[Black "Menzi, Nezihe Ezgi"]
[Result "1-0"]
[BlackTitle "WFM"]
[WhiteElo "1913"]
[BlackElo "1913"]
[WhiteTeam "Kocaeli Buyuksehir Belediyesi Kagit Sports Club"]
[BlackTeam "Deniz Su Aquamatch Satranc Genclik Ve Sports Club"]
[WhiteFideId "6325378"]
[BlackFideId "6310060"]
[EventDate "2015.08.04"]

1. Nf3 Nf6 2. d4 g6 3. Bf4 Bg7 4. c3 d6 5. h3 O-O 6. Nbd2 Nfd7 7. e4 e5 8. dxe5
dxe5 9. Be3 Nc6 10. Qc2 Qe7 11. O-O-O Nc5 12. Kb1 a5 13. Bc4 Rb8 14. Bd5 Nd8 15.
Bg5 Bf6 16. Bxf6 Qxf6 17. Nb3 Nxb3 18. Bxb3 b5 19. Qe2 a4 20. Bc2 Be6 21. Qe3
Nc6 22. Ng5 Bc8 23. h4 h5 24. Qc5 Re8 25. Rd3 Bg4 26. Bd1 Red8 27. Rxd8+ Rxd8
28. Bxg4 hxg4 29. Qxb5 Qxf2 30. Rf1 Qxg2 31. Qc4 Rd7 32. Nxf7 Kg7 33. Ng5 Kh6
34. Rc1 Rd2 35. Qg8 Rxb2+ 36. Ka1 1-0

[Event "TCh-TUR Super League 2015"]
[Site "Kocaeli TUR"]
[Date "2015.08.05"]
[Round "2.2"]
[Board "1"]
[White "Annaberdiev, Meilis"]
[Black "Berkes, Ferenc"]
[Result "1/2-1/2"]
[WhiteTitle "IM"]
[BlackTitle "GM"]
[WhiteElo "2417"]
[BlackElo "2659"]
[WhiteTeam "Akdeniz Belediyesi Sports Club"]
[BlackTeam "T.S Alyans Satranc Sports Club"]
[WhiteFideId "14000563"]
[BlackFideId "718572"]
[EventDate "2015.08.04"]

1. e4 c6 2. Nc3 d5 3. Nf3 dxe4 4. Nxe4 Nf6 5. Nxf6+ exf6 6. Bc4 Bd6 7. Qe2+ Qe7
8. Qxe7+ Kxe7 9. O-O Re8 10. Re1+ Kf8 11. Rxe8+ Kxe8 12. h3 a5 13. Bf1 Na6 14.
a3 Nc7 15. d3 Nd5 16. Bd2 a4 1/2-1/2

[Event "TCh-TUR Super League 2015"]
[Site "Kocaeli TUR"]
[Date "2015.08.05"]
[Round "2.2"]
[Board "2"]
[White "Haznedaroglu, Kivanc"]
[Black "Annaberdiyev, Babageldi"]
[Result "1-0"]
[WhiteTitle "GM"]
[BlackTitle "FM"]
[WhiteElo "2451"]
[BlackElo "2234"]
[WhiteTeam "T.S Alyans Satranc Sports Club"]
[BlackTeam "Akdeniz Belediyesi Sports Club"]
[WhiteFideId "6300634"]
[BlackFideId "14000385"]
[EventDate "2015.08.04"]

1. d4 Nf6 2. c4 g6 3. Nf3 Bg7 4. g3 O-O 5. Bg2 d6 6. O-O Nc6 7. Nc3 a6 8. b3 Rb8
9. Bb2 Bg4 10. d5 Na5 11. Nd4 Bd7 12. Qd2 c5 13. dxc6 bxc6 14. e3 c5 15. Nde2
Bc6 16. e4 Nd7 17. Rad1 Ne5 18. Qc2 Ba8 19. Bc1 Nec6 20. Be3 Qc7 21. Nd5 Qa7 22.
f4 e6 23. Ndc3 Nd4 24. Qd2 Nac6 25. Nc1 f5 26. Nd3 Rfd8 27. Rfe1 Ne7 28. Kh1
fxe4 29. Nxe4 Bxe4 30. Bxe4 Nef5 31. Bf2 a5 32. g4 Nh6 33. h3 Nf7 34. Bg2 Re8
35. Nb2 e5 36. Bd5 Kh8 37. Nd3 exf4 38. Qxf4 Ne5 39. Qg3 Nxd3 40. Qxd3 Be5 41.
Bh4 Bg7 42. Rf1 Rf8 43. Rde1 Be5 44. Rxe5 dxe5 45. Bf6+ Rxf6 46. Rxf6 Qg7 47.
Rf7 Qh6 48. Qf1 g5 49. Be4 Ne2 50. Qxe2 Qxh3+ 51. Qh2 1-0

[Event "TCh-TUR Super League 2015"]
[Site "Kocaeli TUR"]
[Date "2015.08.05"]
[Round "2.2"]
[Board "3"]
[White "Dogan, Nazmi Can"]
[Black "Soylu, Suat"]
[Result "1/2-1/2"]
[BlackTitle "IM"]
[WhiteElo "2213"]
[BlackElo "2377"]
[WhiteTeam "Akdeniz Belediyesi Sports Club"]
[BlackTeam "T.S Alyans Satranc Sports Club"]
[WhiteFideId "6309658"]
[BlackFideId "6300065"]
[EventDate "2015.08.04"]

1. e4 c5 2. Nf3 g6 3. d4 Bg7 4. c4 d6 5. Nc3 Bg4 6. d5 Nf6 7. Be2 O-O 8. O-O Na6
9. h3 Bxf3 10. Bxf3 Nc7 11. Bf4 Nd7 12. Qd2 Ne5 13. Be2 e6 14. Bh6 Bxh6 15. Qxh6
exd5 16. cxd5 f5 17. exf5 gxf5 18. f4 Ng6 19. Kh2 Qf6 20. Rae1 Rae8 21. a4 Re7
22. Bh5 Rfe8 23. Rxe7 Rxe7 24. Rf3 Rg7 25. Bxg6 Rxg6 26. Qh5 a6 27. a5 Nb5 28.
Re3 Nd4 29. Qd1 h6 30. Qa4 Kh7 31. Qe8 Rg7 32. g3 Qf7 33. Qd8 Qg6 34. Qh4 Qf7
35. Kg2 Qc7 36. Qf6 Rf7 37. Qh4 Rg7 38. Qf6 Rf7 39. Qh4 Rg7 1/2-1/2

[Event "TCh-TUR Super League 2015"]
[Site "Kocaeli TUR"]
[Date "2015.08.05"]
[Round "2.2"]
[Board "4"]
[White "Arduman, Can"]
[Black "Kilic, Ihsan"]
[Result "1/2-1/2"]
[WhiteTitle "IM"]
[WhiteElo "2328"]
[BlackElo "2025"]
[WhiteTeam "T.S Alyans Satranc Sports Club"]
[BlackTeam "Akdeniz Belediyesi Sports Club"]
[WhiteFideId "6300022"]
[BlackFideId "6305334"]
[EventDate "2015.08.04"]

1. Nf3 d5 2. c4 e6 3. d4 f5 4. g3 Nf6 5. Bg2 c6 6. O-O Bd6 7. b3 Qe7 8. Bb2 O-O
9. Qc1 b6 10. Ba3 Bb7 11. Bxd6 Qxd6 12. Qa3 Qxa3 13. Nxa3 Nbd7 14. Rfc1 Rac8 15.
Rc2 h6 16. Rac1 g5 17. Ne1 Kf7 18. Nd3 Ke7 19. e3 h5 20. Nb1 h4 21. Nd2 hxg3 22.
hxg3 Ng4 23. b4 Kd6 24. b5 c5 25. dxc5+ Nxc5 26. Nxc5 Rxc5 27. cxd5 Bxd5 28.
Bxd5 exd5 29. Nb3 Rxc2 30. Rxc2 Ne5 31. Nd4 f4 32. exf4 gxf4 33. Rc3 fxg3 34.
fxg3 Nc4 35. Rc1 Rg8 36. Kf2 Kc5 37. Rd1 Nd6 38. Ne6+ Kxb5 39. Rxd5+ Kc6 40. Rd3
Ne4+ 41. Kg2 a5 42. Re3 Kd5 43. Nf4+ Kd4 44. Rd3+ Kc4 45. Re3 Kd4 46. Rd3+ Kc4
47. Re3 Rxg3+ 48. Rxg3 Nxg3 49. Kxg3 b5 50. Kf3 Kc3 51. Ne2+ Kb2 52. Nd4 b4 53.
Nc6 Kxa2 1/2-1/2

[Event "TCh-TUR Super League 2015"]
[Site "Kocaeli TUR"]
[Date "2015.08.05"]
[Round "2.2"]
[Board "5"]
[White "Yordanova, Svetla"]
[Black "Ushenina, Anna"]
[Result "1/2-1/2"]
[WhiteTitle "WIM"]
[BlackTitle "GM"]
[WhiteElo "2131"]
[BlackElo "2435"]
[WhiteTeam "Akdeniz Belediyesi Sports Club"]
[BlackTeam "T.S Alyans Satranc Sports Club"]
[WhiteFideId "2905108"]
[BlackFideId "14110911"]
[EventDate "2015.08.04"]

1. e4 c5 2. c3 e6 3. d4 d5 4. e5 Nc6 5. Nf3 Qb6 6. a3 f6 7. Bd3 fxe5 8. dxe5 c4
9. Bc2 g6 10. h4 Bg7 11. h5 Nh6 12. hxg6 Ng4 13. Qe2 h5 14. Nbd2 Bd7 15. Rb1 Qc5
16. Nf1 O-O-O 17. Bf4 d4 18. cxd4 Nxd4 19. Nxd4 Qxd4 20. Be3 Qxe5 21. Qxc4+ Bc6
22. Rh3 Rhf8 23. f4 Qc7 24. Be4 Nxe3 25. Rxe3 Qxf4 26. Qe2 Bd4 27. g7 Bxe3 28.
gxf8=Q Rxf8 29. Bxc6 Qf2+ 30. Qxf2 Bxf2+ 31. Ke2 bxc6 32. Rc1 Kc7 33. Ne3 Bg3
34. b4 Rf2+ 35. Kd3 Kb6 36. Rc5 Ra2 37. Nc2 Rb2 38. Rxh5 e5 39. Kc3 Rb1 40. Rg5
Bf4 41. Rg6 a6 42. a4 Kc7 43. g4 Rg1 44. Kc4 Rc1 45. Kb3 Kd7 46. Rg7+ Kd6 47.
Na3 Kd5 48. Rd7+ Ke6 49. Rd8 Rg1 50. Nc4 Rg3+ 51. Kc2 e4 52. Rc8 Kd5 53. Nb6+
Kd4 54. Rxc6 Rg2+ 55. Kb3 e3 56. Rc4+ Kd3 57. Rxf4 e2 58. Rf8 Rxg4 59. Rd8+ Rd4
60. Re8 Re4 61. Rd8+ Ke3 62. Nd5+ Kf3 63. Rf8+ Kg3 64. Rg8+ Kh2 65. Rh8+ Kg2 66.
Rg8+ Kf3 67. Rf8+ Kg2 68. Rg8+ Kh2 69. Rh8+ Kg3 1/2-1/2

[Event "TCh-TUR Super League 2015"]
[Site "Kocaeli TUR"]
[Date "2015.08.05"]
[Round "2.2"]
[Board "6"]
[White "Koksal, Ege"]
[Black "Ozer, Omer Faruk"]
[Result "1-0"]
[WhiteTitle "FM"]
[WhiteElo "2347"]
[BlackElo "2067"]
[WhiteTeam "T.S Alyans Satranc Sports Club"]
[BlackTeam "Akdeniz Belediyesi Sports Club"]
[WhiteFideId "6317626"]
[BlackFideId "6354564"]
[EventDate "2015.08.04"]

1. d4 g6 2. Nf3 Bg7 3. c4 d6 4. g3 Nf6 5. Bg2 O-O 6. O-O Nbd7 7. Nc3 e5 8. dxe5
dxe5 9. Qc2 c6 10. Rd1 Qc7 11. b3 Re8 12. Ba3 Bf8 13. Bb2 a5 14. Na4 Nc5 15.
Nxc5 Bxc5 16. e3 Bf5 17. Qe2 a4 18. Bc3 Ne4 19. Be1 axb3 20. axb3 Be7 21. b4 Be6
22. Qc2 f5 23. Nd2 Nf6 24. Nb3 Red8 25. Bc3 Rxa1 26. Rxa1 Bxc4 27. Bxe5 Qxe5 28.
Qxc4+ Kg7 29. Nd4 Nd5 30. Bxd5 Qxd5 31. Qxd5 Rxd5 32. Ra7 Rd7 33. Nxc6 Bd6 34.
Na5 Bxb4 35. Rxb7 Rxb7 36. Nxb7 Kf6 37. Nd8 g5 38. Nc6 Bc5 39. Kg2 g4 40. h3 h5
41. Na5 Bb4 42. Nb3 Be1 43. h4 Bb4 44. Nc1 Bd6 45. Nd3 Kg6 46. Kf1 Bc7 47. Ke2
Ba5 48. Kd1 Bc3 49. Kc2 Ba5 50. Kb3 Kf6 51. Kc4 Ke6 52. Nf4+ Ke5 53. Kd3 Be1 54.
Ke2 Bc3 55. Nxh5 Ke4 56. Nf4 Bg7 57. Ne6 Bh6 58. Nc5+ Kd5 59. Nb3 Bf8 60. Kd3
Bb4 61. Nd4 f4 62. gxf4 Be1 63. Ke2 Bb4 64. h5 Bf8 65. Nf5 Ke4 66. Ng3+ Kd5 67.
e4+ Kd4 68. f3 gxf3+ 69. Kxf3 Kd3 70. Nf5 1-0